| 000 | 01231nam0a22002531 4500 | ||
|---|---|---|---|
| 001 | rc\4643420 | ||
| 005 | 20130416201604.1 | ||
| 035 | _a(NLR Aleph) 008409627 | ||
| 090 |
_a9288158 _c9288158 |
||
| 100 | _a20130416d1963 |||y0rusy50 ca | ||
| 101 | 0 | _arus | |
| 102 | _aRU | ||
| 105 | _ay z ||||| | ||
| 200 | 1 |
_aМетодика построения размерных стандартов одежды _e[Учеб. пособие для заоч. усовершенствования знаний конструкторов-модельеров швейных предприятий] _fМ-во высш. и сред. спец. образ. РСФСР. Всесоюз. заоч. ин-т текстильной и легкой промышленности. Фак. усовершенствования инженеров и руководящих работников легкой промышленности |
|
| 210 |
_aМосква _cБ. и. _d1963 |
||
| 215 |
_a[3], 40 л. _d30 |
||
| 300 | _aАвт. указан на [2-м] л. | ||
| 320 | _aБиблиогр.: л. [3] | ||
| 700 | 1 |
_aСмирнова _bН. С. |
|
| 801 | 0 |
_aRU _bNLR _gpsbo |
|
| 801 | 1 |
_aRU _bELAR _2rusmarc |
|
| 852 |
_aNLR _j63-9/63 |
||
| 942 | _cBOOK | ||
| 980 | _aNB | ||